| 000 | 00866nam a2200253 a 4500 | ||
|---|---|---|---|
| 001 | |||
| 003 | DO-SdBNP | ||
| 005 | 20240906105305.0 | ||
| 008 | 140613s2008 sp a 000 0 spa d | ||
| 020 | _a97884791540892 | ||
| 040 |
_aDO-SdBNP _bspa _cBPMSU |
||
| 082 | 4 |
_a922.2 _bC143g 2008 _222 |
|
| 100 | 1 |
_aGiner Guerri, Severino _d1930- _c |
|
| 245 | 1 | 0 |
_aSan José de Calasanz / _cSeverino Giner Guerri _b |
| 260 |
_aMadrid : _bBiblioteca de Autores Cristianos ; _c2008 |
||
| 300 |
_a271 p. ; _c24 cm. _b |
||
| 490 | 0 | _aBiblioteca de autores cristianos | |
| 500 | _aIncluye referencias bibliográficas y notas al pie de las páginas | ||
| 590 | _aInventariado, 2024/VM | ||
| 600 | 1 | 4 |
_aCalasanz Gastón,j José de _d1557-1648 _xCrítica e interpretación |
| 650 | 4 | _aEducación religiosa | |
| 910 | _aVMateo V. Control de calidad. BPMSU | ||
| 942 |
_2ddc _cBK |
||
| 999 |
_c14802 _d14802 |
||